[Event "ODJM B 2025"]
[Site "Willingen GER"]
[Date "2025.06.12"]
[Round "7"]
[White "Leonhardt, Lukas"]
[Black "Classen, Miguel"]
[Result "1-0"]
[Termination "normal"]
[Board "51"]
[WhiteElo "1673"]
[BlackElo "1574"]
[WhiteClock "00:09:01"]
[BlackClock "01:17:34"]
[PlyCount "131"]
[WhiteFideId "34683950"]
[BlackFideId "34623825"]
[EventCountry "GER"]
[EventRounds "9"]
[EventType "swiss"]
[EventDate "2025.06.07"]

1. e4 {[%clk 01:30:39]} {[%emt 00:00:15]} c5 {[%clk 01:30:48]} {[%emt
00:00:19]} 2. c3 {[%clk 01:30:03]} {[%emt 00:01:06]} d5 {[%clk 01:30:59]}
{[%emt 00:00:19]} 3. exd5 {[%clk 01:29:49]} {[%emt 00:00:44]} Qxd5 {[%clk
01:31:17]} {[%emt 00:00:11]} 4. d4 {[%clk 01:29:11]} {[%emt 00:01:08]} Nf6
{[%clk 01:31:22]} {[%emt 00:00:25]} 5. Nf3 {[%clk 01:28:54]} {[%emt 00:00:47]}
e6 {[%clk 01:31:14]} {[%emt 00:00:39]} 6. Be2 {[%clk 01:28:37]} {[%emt
00:00:47]} Be7 {[%clk 01:30:57]} {[%emt 00:00:47]} 7. O-O {[%clk 01:28:15]}
{[%emt 00:00:52]} O-O {[%clk 01:30:43]} {[%emt 00:00:44]} 8. Na3 {[%clk
01:21:11]} {[%emt 00:07:34]} cxd4 {[%clk 01:30:23]} {[%emt 00:00:50]} 9. Nb5
{[%clk 01:19:38]} {[%emt 00:02:02]} Qd8 {[%clk 01:29:33]} {[%emt 00:01:20]} 10.
Nbxd4 {[%clk 01:12:51]} {[%emt 00:07:17]} Bd7 {[%clk 01:27:09]} {[%emt
00:02:54]} 11. Bf4 {[%clk 01:08:00]} {[%emt 00:05:22]} Nc6 {[%clk 01:24:59]}
{[%emt 00:02:40]} 12. Re1 {[%clk 01:00:44]} {[%emt 00:07:45]} Rc8 {[%clk
01:21:15]} {[%emt 00:04:14]} 13. Qd2 {[%clk 00:53:39]} {[%emt 00:07:36]} Nxd4
{[%clk 01:17:46]} {[%emt 00:03:59]} 14. Nxd4 {[%clk 00:48:55]} {[%emt
00:05:14]} Qb6 {[%clk 01:16:23]} {[%emt 00:01:52]} 15. Nb3 {[%clk 00:45:30]}
{[%emt 00:03:55]} Bc6 {[%clk 01:14:46]} {[%emt 00:02:07]} 16. Qd4 {[%clk
00:42:03]} {[%emt 00:03:57]} Qxd4 {[%clk 01:11:56]} {[%emt 00:03:20]} 17. Nxd4
{[%clk 00:42:22]} {[%emt 00:00:11]} Nd5 {[%clk 01:09:06]} {[%emt 00:03:21]} 18.
Bg3 {[%clk 00:38:45]} {[%emt 00:04:06]} a6 {[%clk 01:08:06]} {[%emt 00:01:30]}
19. c4 {[%clk 00:34:18]} {[%emt 00:04:58]} Nb6 {[%clk 01:03:16]} {[%emt
00:05:19]} 20. Nxc6 {[%clk 00:30:49]} {[%emt 00:03:59]} Rxc6 {[%clk 01:03:22]}
{[%emt 00:00:24]} 21. b3 {[%clk 00:28:18]} {[%emt 00:03:01]} Nd7 {[%clk
00:57:42]} {[%emt 00:06:10]} 22. Bf3 {[%clk 00:27:14]} {[%emt 00:01:34]} Rb6
{[%clk 00:57:47]} {[%emt 00:00:25]} 23. Bc7 {[%clk 00:26:15]} {[%emt 00:01:29]}
Rb4 {[%clk 00:51:53]} {[%emt 00:06:23]} 24. Ba5 {[%clk 00:25:08]} {[%emt
00:01:37]} b6 {[%clk 00:49:49]} {[%emt 00:02:36]} 25. Bxb4 {[%clk 00:25:32]}
{[%emt 00:00:06]} Bxb4 {[%clk 00:50:11]} {[%emt 00:00:08]} 26. Red1 {[%clk
00:24:31]} {[%emt 00:01:28]} Nc5 {[%clk 00:48:55]} {[%emt 00:01:48]} 27. a3
{[%clk 00:21:50]} {[%emt 00:03:11]} Bc3 {[%clk 00:49:12]} {[%emt 00:00:13]} 28.
Rab1 {[%clk 00:21:37]} {[%emt 00:00:43]} a5 {[%clk 00:48:29]} {[%emt 00:01:14]}
29. Rd6 {[%clk 00:18:59]} {[%emt 00:03:05]} Rb8 {[%clk 00:48:26]} {[%emt
00:00:35]} 30. b4 {[%clk 00:17:17]} {[%emt 00:02:13]} axb4 {[%clk 00:48:06]}
{[%emt 00:00:50]} 31. axb4 {[%clk 00:17:19]} {[%emt 00:00:27]} Na6 {[%clk
00:48:11]} {[%emt 00:00:26]} 32. c5 {[%clk 00:15:43]} {[%emt 00:02:05]} bxc5
{[%clk 00:46:48]} {[%emt 00:01:53]} 33. Rxa6 {[%clk 00:15:37]} {[%emt
00:00:36]} cxb4 {[%clk 00:47:08]} {[%emt 00:00:10]} 34. Ra8 {[%clk 00:14:40]}
{[%emt 00:01:27]} Rxa8 {[%clk 00:47:24]} {[%emt 00:00:15]} 35. Bxa8 {[%clk
00:14:38]} {[%emt 00:00:30]} f6 {[%clk 00:47:18]} {[%emt 00:00:39]} 36. Kf1
{[%clk 00:13:45]} {[%emt 00:01:22]} e5 {[%clk 00:47:25]} {[%emt 00:00:23]} 37.
Bd5+ {[%clk 00:12:47]} {[%emt 00:01:27]} Kf8 {[%clk 00:47:44]} {[%emt
00:00:12]} 38. Ke2 {[%clk 00:12:26]} {[%emt 00:00:50]} g6 {[%clk 00:47:29]}
{[%emt 00:00:46]} 39. Kd3 {[%clk 00:11:52]} {[%emt 00:01:04]} f5 {[%clk
00:47:30]} {[%emt 00:00:29]} 40. Kc4 {[%clk 00:11:59]} {[%emt 00:00:23]} Kg7
{[%clk 00:47:31]} {[%emt 00:00:29]} 41. Rd1 {[%clk 00:03:14]} {[%emt 00:09:13]}
Kh6 {[%clk 00:47:12]} {[%emt 00:00:50]} 42. Rd3 {[%clk 00:02:23]} {[%emt
00:01:20]} Kg7 {[%clk 00:47:13]} {[%emt 00:00:32]} 43. Bc6 {[%clk 00:30:06]}
{[%emt 00:02:47]} Be1 {[%clk 01:16:51]} {[%emt 00:00:51]} 44. f3 {[%clk
00:28:40]} {[%emt 00:01:56]} Bc3 {[%clk 01:16:32]} {[%emt 00:00:50]} 45. Rd7+
{[%clk 00:27:52]} {[%emt 00:01:17]} Kh6 {[%clk 01:16:43]} {[%emt 00:00:20]} 46.
Bd5 {[%clk 00:27:13]} {[%emt 00:01:08]} Kg5 {[%clk 01:16:26]} {[%emt 00:00:48]}
47. Rxh7 {[%clk 00:27:02]} {[%emt 00:00:40]} Kf6 {[%clk 01:15:54]} {[%emt
00:01:03]} 48. h4 {[%clk 00:26:59]} {[%emt 00:00:32]} g5 {[%clk 01:15:48]}
{[%emt 00:00:37]} 49. Rh6+ {[%clk 00:25:47]} {[%emt 00:01:41]} Kg7 {[%clk
01:15:56]} {[%emt 00:00:22]} 50. hxg5 {[%clk 00:24:26]} {[%emt 00:01:50]} Bd2
{[%clk 01:15:48]} {[%emt 00:00:41]} 51. Rf6 {[%clk 00:22:41]} {[%emt 00:02:10]}
Bxg5 {[%clk 01:15:25]} {[%emt 00:00:56]} 52. Rxf5 {[%clk 00:21:58]} {[%emt
00:01:13]} Bf6 {[%clk 01:14:49]} {[%emt 00:01:07]} 53. Rxf6 {[%clk 00:21:16]}
{[%emt 00:01:12]} Kxf6 {[%clk 01:15:08]} {[%emt 00:00:11]} 54. Kxb4 {[%clk
00:20:30]} {[%emt 00:01:10]} Kg5 {[%clk 01:15:24]} {[%emt 00:00:19]} 55. Kc5
{[%clk 00:19:34]} {[%emt 00:01:27]} Kf4 {[%clk 01:14:46]} {[%emt 00:01:08]} 56.
g4 {[%clk 00:18:32]} {[%emt 00:01:31]} Kg5 {[%clk 01:15:05]} {[%emt 00:00:12]}
57. Kd6 {[%clk 00:18:00]} {[%emt 00:01:00]} Kf6 {[%clk 01:15:18]} {[%emt
00:00:19]} 58. Be6 {[%clk 00:17:00]} {[%emt 00:01:29]} Kg5 {[%clk 01:15:40]}
{[%emt 00:00:09]} 59. Kxe5 {[%clk 00:16:31]} {[%emt 00:01:00]} Kh6 {[%clk
01:15:53]} {[%emt 00:00:16]} 60. Kf6 {[%clk 00:15:23]} {[%emt 00:01:34]} Kh7
{[%clk 01:16:08]} {[%emt 00:00:18]} 61. g5 {[%clk 00:14:12]} {[%emt 00:01:42]}
Kh8 {[%clk 01:16:34]} {[%emt 00:00:05]} 62. f4 {[%clk 00:12:22]} {[%emt
00:02:19]} Kh7 {[%clk 01:16:35]} {[%emt 00:00:29]} 63. g6+ {[%clk 00:11:18]}
{[%emt 00:01:32]} Kh6 {[%clk 01:16:59]} {[%emt 00:00:07]} 64. g7 {[%clk
00:10:57]} {[%emt 00:00:51]} Kh5 {[%clk 01:17:21]} {[%emt 00:00:09]} 65. g8=Q
{[%clk 00:09:48]} {[%emt 00:01:39]} Kh4 {[%clk 01:17:34]} {[%emt 00:00:17]} 66.
Qg4# {[%clk 00:09:01]} {[%emt 00:01:13]} 1-0

[Event "ODJM B 2025"]
[Site "Willingen GER"]
[Date "2025.06.12"]
[Round "7"]
[White "Frank, Carolin"]
[Black "Kandora, William"]
[Result "1/2-1/2"]
[Termination "normal"]
[Board "53"]
[WhiteElo "1724"]
[BlackElo "1570"]
[WhiteClock "00:10:55"]
[BlackClock "00:32:22"]
[PlyCount "52"]
[WhiteFideId "16207190"]
[BlackFideId "34684247"]
[EventCountry "GER"]
[EventRounds "9"]
[EventType "swiss"]
[EventDate "2025.06.07"]

1. Nf3 {[%clk 01:30:57]} {[%emt 00:00:02]} e6 {[%clk 01:30:46]} {[%emt
00:00:14]} 2. g3 {[%clk 01:31:15]} {[%emt 00:00:12]} d5 {[%clk 01:31:09]}
{[%emt 00:00:07]} 3. Bg2 {[%clk 01:31:12]} {[%emt 00:00:33]} Nf6 {[%clk
01:31:32]} {[%emt 00:00:07]} 4. d4 {[%clk 01:27:42]} {[%emt 00:04:00]} Be7
{[%clk 01:31:52]} {[%emt 00:00:09]} 5. O-O {[%clk 01:25:07]} {[%emt 00:03:06]}
O-O {[%clk 01:32:11]} {[%emt 00:00:11]} 6. c4 {[%clk 01:22:25]} {[%emt
00:03:12]} c5 {[%clk 01:30:05]} {[%emt 00:02:35]} 7. cxd5 {[%clk 01:20:29]}
{[%emt 00:02:27]} exd5 {[%clk 01:30:26]} {[%emt 00:00:09]} 8. dxc5 {[%clk
01:20:15]} {[%emt 00:00:44]} Bxc5 {[%clk 01:30:48]} {[%emt 00:00:08]} 9. a3
{[%clk 01:17:24]} {[%emt 00:03:21]} a5 {[%clk 01:29:46]} {[%emt 00:01:32]} 10.
Nc3 {[%clk 01:10:54]} {[%emt 00:06:59]} h6 {[%clk 01:24:37]} {[%emt 00:05:40]}
11. Bf4 {[%clk 01:09:17]} {[%emt 00:02:07]} Be6 {[%clk 01:18:24]} {[%emt
00:06:43]} 12. Rc1 {[%clk 01:05:40]} {[%emt 00:04:07]} Na6 {[%clk 01:16:45]}
{[%emt 00:02:08]} 13. Nd4 {[%clk 00:57:47]} {[%emt 00:08:24]} Bd6 {[%clk
01:09:30]} {[%emt 00:07:45]} 14. Bd2 {[%clk 00:46:04]} {[%emt 00:12:12]} Rc8
{[%clk 01:03:22]} {[%emt 00:06:39]} 15. Rc2 {[%clk 00:37:16]} {[%emt 00:09:18]}
Nc5 {[%clk 00:55:45]} {[%emt 00:08:08]} 16. Ncb5 {[%clk 00:31:56]} {[%emt
00:05:49]} Bb8 {[%clk 00:54:36]} {[%emt 00:01:39]} 17. Qc1 {[%clk 00:29:52]}
{[%emt 00:02:35]} Nfd7 {[%clk 00:46:02]} {[%emt 00:09:03]} 18. b4 {[%clk
00:27:07]} {[%emt 00:03:14]} axb4 {[%clk 00:46:20]} {[%emt 00:00:13]} 19. Bxb4
{[%clk 00:27:01]} {[%emt 00:00:36]} b6 {[%clk 00:46:05]} {[%emt 00:00:45]} 20.
Rd1 {[%clk 00:24:02]} {[%emt 00:03:28]} Re8 {[%clk 00:43:53]} {[%emt 00:02:42]}
21. h3 {[%clk 00:17:12]} {[%emt 00:07:20]} Qf6 {[%clk 00:40:54]} {[%emt
00:03:29]} 22. Nf3 {[%clk 00:13:12]} {[%emt 00:04:29]} Qg6 {[%clk 00:32:52]}
{[%emt 00:08:33]} 23. Nh4 {[%clk 00:12:24]} {[%emt 00:01:18]} Qh5 {[%clk
00:32:21]} {[%emt 00:01:01]} 24. Bf3 {[%clk 00:11:57]} {[%emt 00:00:56]} Qg5
{[%clk 00:31:57]} {[%emt 00:00:55]} 25. Bd2 {[%clk 00:11:01]} {[%emt 00:01:26]}
Qf6 {[%clk 00:32:03]} {[%emt 00:00:24]} 26. Bc3 {[%clk 00:10:55]} {[%emt
00:00:36]} Qg5 {[%clk 00:32:22]} {[%emt 00:00:12]} 1/2-1/2

[Event "ODJM B 2025"]
[Site "Willingen GER"]
[Date "2025.06.12"]
[Round "7"]
[White "Stepanjan, Tatevik Mia"]
[Black "Franke, Moritz"]
[Result "1-0"]
[Termination "normal"]
[Board "54"]
[WhiteElo "1604"]
[BlackElo "1627"]
[WhiteClock "00:04:02"]
[BlackClock "00:46:57"]
[PlyCount "55"]
[WhiteFideId "16246128"]
[BlackFideId "34629475"]
[EventCountry "GER"]
[EventRounds "9"]
[EventType "swiss"]
[EventDate "2025.06.07"]

1. e4 {[%clk 01:30:58]} {[%emt 00:00:01]} c5 {[%clk 01:30:50]} {[%emt
00:00:11]} 2. Nf3 {[%clk 01:31:23]} {[%emt 00:00:05]} Nc6 {[%clk 01:31:11]}
{[%emt 00:00:09]} 3. d4 {[%clk 01:31:47]} {[%emt 00:00:06]} cxd4 {[%clk
01:31:35]} {[%emt 00:00:06]} 4. Nxd4 {[%clk 01:32:11]} {[%emt 00:00:05]} g6
{[%clk 01:31:42]} {[%emt 00:00:23]} 5. Nc3 {[%clk 01:32:37]} {[%emt 00:00:06]}
Bg7 {[%clk 01:31:58]} {[%emt 00:00:13]} 6. Be3 {[%clk 01:33:00]} {[%emt
00:00:07]} Nf6 {[%clk 01:31:59]} {[%emt 00:00:29]} 7. Bc4 {[%clk 01:32:47]}
{[%emt 00:00:44]} Qa5 {[%clk 01:29:49]} {[%emt 00:02:39]} 8. O-O {[%clk
01:26:22]} {[%emt 00:06:55]} O-O {[%clk 01:26:21]} {[%emt 00:03:57]} 9. Bb3
{[%clk 01:26:02]} {[%emt 00:00:52]} d6 {[%clk 01:24:47]} {[%emt 00:02:03]} 10.
h3 {[%clk 01:24:17]} {[%emt 00:02:15]} Bd7 {[%clk 01:14:40]} {[%emt 00:10:36]}
11. Re1 {[%clk 01:18:58]} {[%emt 00:05:50]} Rac8 {[%clk 01:13:37]} {[%emt
00:01:34]} 12. Nd5 {[%clk 00:51:41]} {[%emt 00:27:46]} Nxd5 {[%clk 01:12:57]}
{[%emt 00:01:10]} 13. exd5 {[%clk 00:46:56]} {[%emt 00:05:15]} Nxd4 {[%clk
01:03:02]} {[%emt 00:10:24]} 14. Bxd4 {[%clk 00:47:17]} {[%emt 00:00:09]} Rfe8
{[%clk 01:03:13]} {[%emt 00:00:19]} 15. Bxg7 {[%clk 00:45:40]} {[%emt
00:02:07]} Kxg7 {[%clk 01:01:44]} {[%emt 00:01:53]} 16. Qd4+ {[%clk 00:45:03]}
{[%emt 00:01:14]} Kg8 {[%clk 01:01:48]} {[%emt 00:00:25]} 17. Re3 {[%clk
00:41:57]} {[%emt 00:03:37]} Qc5 {[%clk 00:59:04]} {[%emt 00:03:14]} 18. Qf4
{[%clk 00:27:22]} {[%emt 00:15:05]} Qb6 {[%clk 00:52:00]} {[%emt 00:07:34]} 19.
Rf3 {[%clk 00:19:16]} {[%emt 00:08:36]} f6 {[%clk 00:49:55]} {[%emt 00:02:33]}
20. h4 {[%clk 00:11:59]} {[%emt 00:07:48]} Bf5 {[%clk 00:46:36]} {[%emt
00:03:49]} 21. c3 {[%clk 00:09:20]} {[%emt 00:03:10]} Kf7 {[%clk 00:46:19]}
{[%emt 00:00:46]} 22. Qh6 {[%clk 00:07:53]} {[%emt 00:01:57]} Rh8 {[%clk
00:46:38]} {[%emt 00:00:10]} 23. Re1 {[%clk 00:06:42]} {[%emt 00:01:42]} Rce8
{[%clk 00:46:59]} {[%emt 00:00:09]} 24. Ba4 {[%clk 00:06:33]} {[%emt 00:00:41]}
Reg8 {[%clk 00:47:14]} {[%emt 00:00:14]} 25. Rfe3 {[%clk 00:05:51]} {[%emt
00:01:12]} Qc7 {[%clk 00:47:35]} {[%emt 00:00:09]} 26. Qf4 {[%clk 00:03:42]}
{[%emt 00:02:38]} Ra8 {[%clk 00:46:56]} {[%emt 00:01:08]} 27. g4 {[%clk
00:03:44]} {[%emt 00:00:29]} Bc8 {[%clk 00:46:57]} {[%emt 00:00:30]} 28. Qe4
{[%clk 00:04:02]} {[%emt 00:00:12]} 1-0

[Event "ODJM B 2025"]
[Site "Willingen GER"]
[Date "2025.06.12"]
[Round "7"]
[White "Dintinger, Ata Lucien"]
[Black "Asmussen, Johann"]
[Result "1/2-1/2"]
[Termination "normal"]
[Board "55"]
[WhiteElo "1557"]
[BlackElo "1563"]
[WhiteClock "00:37:19"]
[BlackClock "00:24:42"]
[PlyCount "82"]
[WhiteFideId "34654550"]
[BlackFideId "16273486"]
[EventCountry "GER"]
[EventRounds "9"]
[EventType "swiss"]
[EventDate "2025.06.07"]

1. e4 {[%clk 01:30:57]} {[%emt 00:00:03]} Nc6 {[%clk 01:30:39]} {[%emt
00:00:21]} 2. Nc3 {[%clk 01:31:09]} {[%emt 00:00:18]} Nf6 {[%clk 01:31:01]}
{[%emt 00:00:09]} 3. d4 {[%clk 01:31:19]} {[%emt 00:00:20]} e5 {[%clk
01:30:33]} {[%emt 00:00:58]} 4. dxe5 {[%clk 01:31:32]} {[%emt 00:00:17]} Nxe5
{[%clk 01:30:52]} {[%emt 00:00:11]} 5. f4 {[%clk 01:31:44]} {[%emt 00:00:17]}
Ng6 {[%clk 01:19:20]} {[%emt 00:12:02]} 6. e5 {[%clk 01:31:30]} {[%emt
00:00:45]} Ng8 {[%clk 01:18:33]} {[%emt 00:01:17]} 7. Qe2 {[%clk 01:30:58]}
{[%emt 00:01:02]} Bb4 {[%clk 01:14:18]} {[%emt 00:04:45]} 8. f5 {[%clk
01:29:32]} {[%emt 00:01:56]} Nf8 {[%clk 01:11:51]} {[%emt 00:02:57]} 9. Nf3
{[%clk 01:29:04]} {[%emt 00:00:55]} h6 {[%clk 01:09:28]} {[%emt 00:02:56]} 10.
Bd2 {[%clk 01:28:41]} {[%emt 00:00:53]} Qe7 {[%clk 01:08:06]} {[%emt 00:01:52]}
11. Nd5 {[%clk 01:28:26]} {[%emt 00:00:45]} Bxd2+ {[%clk 01:08:22]} {[%emt
00:00:14]} 12. Kxd2 {[%clk 01:27:50]} {[%emt 00:01:05]} Qc5 {[%clk 01:07:33]}
{[%emt 00:01:20]} 13. Qe4 {[%clk 01:27:20]} {[%emt 00:01:01]} c6 {[%clk
01:06:59]} {[%emt 00:01:03]} 14. Nc7+ {[%clk 01:26:55]} {[%emt 00:00:55]} Kd8
{[%clk 01:07:06]} {[%emt 00:00:23]} 15. Nxa8 {[%clk 01:27:04]} {[%emt
00:00:21]} Nh7 {[%clk 01:06:15]} {[%emt 00:01:20]} 16. Rd1 {[%clk 01:26:33]}
{[%emt 00:01:02]} f6 {[%clk 01:04:33]} {[%emt 00:02:11]} 17. Kc1 {[%clk
01:25:03]} {[%emt 00:02:02]} Ng5 {[%clk 01:04:10]} {[%emt 00:00:52]} 18. Nxg5
{[%clk 01:14:38]} {[%emt 00:10:53]} hxg5 {[%clk 01:04:34]} {[%emt 00:00:07]}
19. e6 {[%clk 01:14:42]} {[%emt 00:00:26]} d5 {[%clk 01:04:28]} {[%emt
00:00:36]} 20. Bc4 {[%clk 01:14:21]} {[%emt 00:00:51]} Ne7 {[%clk 01:02:44]}
{[%emt 00:02:13]} 21. b4 {[%clk 01:07:54]} {[%emt 00:06:55]} Qd6 {[%clk
00:45:58]} {[%emt 00:17:18]} 22. Bb3 {[%clk 01:04:25]} {[%emt 00:03:58]} Qf4+
{[%clk 00:43:55]} {[%emt 00:02:34]} 23. Qxf4 {[%clk 01:04:45]} {[%emt
00:00:10]} gxf4 {[%clk 00:44:18]} {[%emt 00:00:07]} 24. c4 {[%clk 01:05:04]}
{[%emt 00:00:12]} Nxf5 {[%clk 00:43:48]} {[%emt 00:00:59]} 25. cxd5 {[%clk
01:04:00]} {[%emt 00:01:35]} Ne3 {[%clk 00:42:24]} {[%emt 00:01:54]} 26. Rd4
{[%clk 01:03:44]} {[%emt 00:00:45]} cxd5 {[%clk 00:40:49]} {[%emt 00:02:05]}
27. Bxd5 {[%clk 01:03:44]} {[%emt 00:00:30]} Ke7 {[%clk 00:40:35]} {[%emt
00:00:45]} 28. Bb3 {[%clk 01:01:58]} {[%emt 00:02:16]} Nxg2 {[%clk 00:40:11]}
{[%emt 00:00:53]} 29. Rhd1 {[%clk 01:00:10]} {[%emt 00:02:17]} Bxe6 {[%clk
00:40:10]} {[%emt 00:00:32]} 30. Re4 {[%clk 01:00:22]} {[%emt 00:00:19]} Rxa8
{[%clk 00:39:37]} {[%emt 00:01:03]} 31. Rxe6+ {[%clk 01:00:39]} {[%emt
00:00:13]} Kf8 {[%clk 00:39:40]} {[%emt 00:00:27]} 32. Rd7 {[%clk 00:52:25]}
{[%emt 00:08:44]} f3 {[%clk 00:39:16]} {[%emt 00:00:54]} 33. Bd5 {[%clk
00:52:40]} {[%emt 00:00:14]} Nf4 {[%clk 00:38:07]} {[%emt 00:01:39]} 34. Bxb7
{[%clk 00:50:38]} {[%emt 00:02:33]} f2 {[%clk 00:36:28]} {[%emt 00:02:08]} 35.
Rd1 {[%clk 00:49:03]} {[%emt 00:02:04]} Rb8 {[%clk 00:34:56]} {[%emt 00:02:04]}
36. Re4 {[%clk 00:48:16]} {[%emt 00:01:17]} Nd3+ {[%clk 00:31:36]} {[%emt
00:03:49]} 37. Kd2 {[%clk 00:45:58]} {[%emt 00:02:48]} Nb2 {[%clk 00:28:20]}
{[%emt 00:03:46]} 38. Rf1 {[%clk 00:42:02]} {[%emt 00:04:26]} Rxb7 {[%clk
00:28:33]} {[%emt 00:00:17]} 39. Rxf2 {[%clk 00:40:31]} {[%emt 00:00:45]} Na4
{[%clk 00:25:46]} {[%emt 00:04:34]} 40. h4 {[%clk 00:37:25]} {[%emt 00:03:35]}
Nb6 {[%clk 00:25:29]} {[%emt 00:00:47]} 41. h5 {[%clk 00:37:19]} {[%emt
00:00:36]} Nd5 {[%clk 00:24:42]} {[%emt 00:01:17]} 1/2-1/2